000 00794nam a2200289Ia 4500
001 5992
003 IT-RoPAU
008 130308s9999 xx 000 0 und d
040 _aIT-RoPAU
040 _cIT-RoPAU
041 _aITALIANO
100 _aBroz Jaroslav
100 _gCodice Aut. SPICS: 8760
245 _aStruttura industriale ed economica del cinema cecoslovacco dalle origini ad oggi (La)
245 _bFilm cecoslovacco (Il)
250 _a1a ed.
260 _aROMA
260 _bAteneo
260 _c1960 [1° Ed.:1960 - Ed.Ling.Originale:1960]
300 _a"20 p. (prefazione: no ; testo: 20 [pagine: 211-230])"
650 _aSTORIA NAZIONALE DEL CINEMA
650 _eCodice materia Spics: 6809
942 _cBK
957 _71
999 _c54529
_d54529
999 _bSI
999 _g1